| 000 | 01218nam a2200325 i 4500 | ||
|---|---|---|---|
| 001 | 164538 | ||
| 003 | ES-MaACL | ||
| 005 | 20250821111659.0 | ||
| 008 | 960624s1868 sp |||| |dspa d | ||
| 080 | _a929 Colonna, Marco Antonio | ||
| 080 | _a929 Felipe (460) II | ||
| 080 | _a930 Guglielmotti, Alberto | ||
| 080 | _a94(4)"1570/73" | ||
| 080 | _a94(460)"1556/98" | ||
| 100 | 1 |
_aSánchez, Miguel, _d1833-1889 _9102411 |
|
| 245 | 1 | 0 |
_aFelipe II y la Liga de 1571 contra el Turco / _cpor D. Miguel Sánchez. |
| 260 |
_aMadrid : _b[s.n.], _c1868 ( _fImp. del Indicador de los Caminos de Hierro) |
||
| 300 |
_aXII, 405 p. ; _c22 cm. |
||
| 530 | _aDisponible en formato digital. | ||
| 597 | _aAntep. | ||
| 600 | 1 | 4 |
_aGuglielmotti, Alberto. _9155300 |
| 600 | 1 | 7 |
_aColonna, Marco Antonio, _d1535-1584 _2 _9155301 |
| 600 | 0 | 4 |
_aFelipe _bII, _cRey de España _949175 |
| 610 | 2 | 4 |
_aSanta Liga (1570-1573) _9155302 |
| 650 |
_aBatalla de Lepanto, 1571. _9171486 |
||
| 651 | 4 |
_aEspaña- _xHistoria- _y1556-1598, Felipe II. _98218 |
|
| 852 |
_aES-MaACL _jG-8294 _z- Enc. hol. |
||
| 856 |
_uhttp://bdh-rd.bne.es/viewer.vm?id=0000137172&page=1 _zBiblioteca Digital Hispánica |
||
| 999 |
_c164538 _d164538 |
||